[Event "39th Sitges Open"]
[Site "Sitges ESP"]
[Date "2013.07.30"]
[Round "8.8"]
[White "Guerra Mendez,J"]
[Black "Montilla Carrillo,E"]
[Result "1-0"]
[WhiteElo "2505"]
[BlackElo "2261"]

1.e4 d6 2.d4 g6 3.Nc3 Bg7 4.Be3 Nd7 5.Qd2 e5 6.O-O-O a6 7.dxe5 Nxe5 8.f4 Nc6
9.h3 Nge7 10.g4 h5 11.g5 b5 12.Nf3 Bb7 13.Nh4 Qd7 14.Bg2 O-O-O 15.Nd5 Nxd5
16.exd5 Ne7 17.Be4 Kb8 18.Bd4 Bxd4 19.Qxd4 Rhg8 20.Rd3 Rde8 21.a4 bxa4 22.Ra3 Nc8
23.Rxa4 Nb6 24.Ra5 Re7 25.Ng2 Rge8 26.Bf3 Qd8 27.b3 Nd7 28.Ra3 Nc5 29.b4 Ne4
30.Kb2 Ng3 31.Rha1 Nf5 32.Qc4 Qc8 33.b5 a5 34.Rxa5 Ne3 35.Nxe3 Rxe3 36.Qa4 c5
37.b6  1-0

[Event "100th ch-GBR 2013"]
[Site "Torquay ENG"]
[Date "2013.07.30"]
[Round "2.52"]
[White "Friedland,J"]
[Black "Thorpe,Thomas"]
[Result "1-0"]
[WhiteElo "2093"]
[BlackElo "1875"]

1.e4 g6 2.d4 Bg7 3.Nc3 d6 4.Nf3 Nf6 5.Bg5 Nbd7 6.Be2 O-O 7.Qd2 Re8 8.h3 b6
9.e5 dxe5 10.dxe5 Nh5 11.g4 Bb7 12.gxh5 Nxe5 13.Qe3 Bxf3 14.Bxf3 Nc4 15.Qc1 Ne5
16.Bg2 Rb8 17.O-O gxh5 18.Rd1 Qc8 19.Nd5  1-0

[Event "Politiken Cup 2013"]
[Site "Helsingor DEN"]
[Date "2013.07.31"]
[Round "6.79"]
[White "Olsson,T"]
[Black "Jorgensen,R"]
[Result "1/2-1/2"]
[WhiteElo "1932"]
[BlackElo "2064"]

1.d4 g6 2.e4 Bg7 3.Nc3 d6 4.Be3 a6 5.a4 b6 6.Bc4 Nd7 7.Nge2 Bb7 8.O-O Ngf6
9.f3 O-O 10.Qd2 c5 11.d5 Ne5 12.Ba2 Qd7 13.h3 b5 14.Bg5 b4 15.Nd1 Qxa4 16.Nf2 Qb5
17.Rab1 a5 18.b3 a4 19.bxa4 Rxa4 20.Bb3 Ra3 21.f4 Ned7 22.c4 Qa5 23.Qc2 Ra8
24.Kh2 Qc7 25.Ng1 R8a7 26.Rfe1 Bc8 27.Kh1 Qb8 28.Nf3 Qa8 29.e5 dxe5 30.fxe5 Ne8
31.Bxe7 Ra1 32.e6 fxe6 33.dxe6 Rxb1 34.Rxb1 Ne5 35.Bxc5 Rc7 36.Nxe5 Rxc5
37.Nd7 Rg5 38.Ne4 Rh5 39.Nb6 Qc6 40.Nxc8 Qxc8 41.Qd3 Kh8 42.c5 Qa8 43.Rf1 Re5
44.Nd6 Rxc5 45.Nf7+ Kg8 46.e7 Bf6 47.Rxf6 Rc3 48.Ne5+ Kh8 49.Rf8+ Kg7 50.Rg8+ Kf6
51.Ng4+ Kxe7 52.Qe2+ Kd6 53.Qe5+ Kd7 54.Qe6+ Kc7 55.Rxe8 Rxh3+ 56.Kg1 Qa1+
57.Qe1 Qxe1+ 58.Rxe1 Rxb3 59.Ne3 Kd6 60.Nc2 Rb2 61.Rd1+ Ke5 62.Nxb4 Rxb4
63.Rd3 Kf4 64.Kh2 g5 65.Rf3+ Kg4 66.Rg3+ Kf5 67.Rf3+ Kg6 68.Rc3 h5 69.Rc6+ Kf5
70.Rc5+ Kg4 71.Rc3 h4 72.Rd3 Rb2 73.Rc3 Re2 74.Rb3 Kf4 75.Ra3 g4 76.Ra4+ Re4
77.Ra8 Ke3 78.Rf8 Rf4 79.Re8+ Kf2 80.Rb8 g3+ 81.Kh3 Kg1 82.Rb1+ Rf1 83.Rb2 Rf4
84.Rb1+ Kf2 85.Rb2+ Ke3 86.Rb3+ Kd2 87.Rb2+ Kc3 88.Rb8 Kd3  1/2-1/2

[Event "Charleroi Open 2013"]
[Site "Charleroi BEL"]
[Date "2013.08.01"]
[Round "7.8"]
[White "Truwant,P"]
[Black "Le Quang,K"]
[Result "0-1"]
[WhiteElo "1957"]
[BlackElo "2242"]

1.e4 g6 2.d4 Bg7 3.Nc3 d6 4.Be3 a6 5.a4 b6 6.Qd2 Bb7 7.f3 Nd7 8.Nge2 e6 9.Rd1 h6
10.Ng3 Ne7 11.Be2 c6 12.O-O Qc7 13.f4 f5 14.d5 cxd5 15.exf5 Nxf5 16.Nxf5 gxf5
17.Bh5+ Ke7 18.Rfe1 Rhg8 19.Re2 Nf6 20.Bf3 Ne4 21.Bxe4 dxe4 22.Qe1 Bc6 23.Red2 d5
24.Qf2 Rab8 25.Bd4 Bxd4 26.Rxd4 Rg4 27.Ne2 Rbg8 28.g3 h5 29.b3 h4 30.Rb4 hxg3
31.hxg3 b5 32.axb5 Bxb5 33.c4 Qd6 34.Qa7+ Kf6 35.Qd4+ Kf7 36.cxb5 Rxg3+ 37.Kf2 e3+
38.Ke1 Rh3 39.Qa7+ Kg6 40.Ra4 Rh1+ 41.Ng1 Rxg1+ 42.Ke2 Rxd1 43.Kxd1 axb5
44.Ra6 Qxf4 45.Rxe6+ Kg5 46.Rxe3 Qf1+ 47.Kd2 Qf2+ 48.Kd1 Kg4 49.Qe7 d4 50.Rd3 Qf1+
51.Kd2 Qg2+ 52.Kd1 Qe4 53.Qxe4+ fxe4 54.Rxd4 Kf3 55.Rd7 e3 56.Rf7+ Ke4 57.Re7+ Kd3
58.Rd7+ Kc3 59.Ke2 Rg3 60.Rd3+ Kc2 61.Rd5 b4 62.Rd8 Kxb3 63.Kd3 Kb2 64.Rb8 b3
65.Rb7 Ka2 66.Ra7+ Kb1 67.Rh7 b2 68.Rc7 e2+ 69.Kxe2 Ka2  0-1

[Event "16th Olomouc IM Prima Pack"]
[Site "Olomouc CZE"]
[Date "2013.08.01"]
[Round "2.3"]
[White "Efroimski,M"]
[Black "Kholopov,A"]
[Result "1/2-1/2"]
[WhiteElo "2297"]
[BlackElo "2310"]

1.e4 d6 2.d4 g6 3.Nc3 Bg7 4.f4 Nf6 5.Nf3 O-O 6.e5 Nfd7 7.e6 fxe6 8.h4 Nf6
9.Bd3 Nc6 10.a3 Nh5 11.Ne2 e5 12.dxe5 dxe5 13.Bc4+ e6 14.Qxd8 Rxd8 15.fxe5 Nxe5
16.Nxe5 Bxe5 17.c3 Rd6 18.Bg5 b5 19.Bb3 Bb7 20.O-O Bd5 21.Bxd5 exd5 22.Rae1 Re8
23.g4 Nf6 24.Bxf6 Rxf6 25.Nf4 d4 26.Kg2 Rff8 27.Nd5 dxc3 28.bxc3 Rxf1 29.Kxf1 Rf8+
30.Kg2 Bd6 31.g5 h6 32.Re6 hxg5 33.Rxg6+ Kf7 34.Rf6+ Kg7 35.Rxf8 Kxf8 36.hxg5 Kf7
37.Kf3 a5 38.c4 c6 39.Nc3 bxc4 40.a4 Be5 41.Ne2 Ke6 42.Ke4 Bh8 43.Nd4+ Kd6
44.g6 Kc5 45.Ne6+ Kb4 46.g7 Bxg7 47.Nxg7 Kxa4 48.Ne6 Kb4 49.Ke3 a4 50.Kd2 a3
51.Nd4 a2 52.Nc2+ Kb3 53.Kc1 c5 54.Na1+ Kc3  1/2-1/2

[Event "Sparkassen Open A 2013"]
[Site "Dortmund GER"]
[Date "2013.08.02"]
[Round "7.2"]
[White "Michalczak,T"]
[Black "Heck,N"]
[Result "1-0"]
[WhiteElo "2299"]
[BlackElo "2280"]

1.e4 g6 2.d4 Bg7 3.Nc3 d6 4.Bg5 a6 5.Nf3 b5 6.Bd3 Nd7 7.a4 b4 8.Ne2 c5 9.c3 bxc3
10.bxc3 Qc7 11.O-O Ngf6 12.Ng3 O-O 13.Qd2 Bb7 14.Rfe1 e5 15.d5 c4 16.Bc2 Kh8
17.h4 Ng4 18.Qe2 f6 19.Bc1 Rac8 20.h5 Nh6 21.hxg6 hxg6 22.Nh4 Kh7 23.Nxg6 Kxg6
24.Qh5+ Kh7 25.Bxh6 Bxh6 26.Nf5 Nc5 27.Qxh6+ Kg8 28.Qg6+ Kh8 29.Re3 Qh7 30.Rh3  1-0

[Event "Politiken Cup 2013"]
[Site "Helsingor DEN"]
[Date "2013.08.02"]
[Round "8.82"]
[White "Christenson,Bjorn Aa"]
[Black "Carnstam,T"]
[Result "1/2-1/2"]
[WhiteElo "1886"]
[BlackElo "2052"]

1.e4 g6 2.d4 Bg7 3.Nc3 d6 4.Be3 Nf6 5.Nf3 O-O 6.Qd2 Ng4 7.Bg5 f6 8.Bh4 Nh6
9.Bc4+ e6 10.O-O c6 11.Rfe1 Nf7 12.Rad1 b5 13.Bf1 Bh6 14.Qd3 g5 15.Bg3 f5
16.exf5 exf5 17.h3 b4 18.Nb1 f4 19.Bh2 d5 20.Ne5 Nxe5 21.dxe5 Be6 22.Qf3 Qe8
23.Bd3 Nd7 24.g3 fxg3 25.Qxg3 Qh5 26.Bf1 Rf3 27.Qg2 Bxh3 28.Qh1 Qg4+ 29.Bg2 Raf8
30.Bg3 Bxg2 31.Qxg2 Qe6 32.Nd2 R3f7 33.Nb3 Re7 34.Nd4 Qg6 35.e6 Rfe8 36.Nxc6 Rxe6
37.Qxd5 Nb6 38.Rxe6 Qxe6 39.Qxe6+ Rxe6 40.Nxb4 Bf8 41.Nd5 Kf7 42.Nxb6 axb6
43.Rd5 Re1+ 44.Kg2 Re2 45.Rxg5 Rxc2 46.Rb5 Bg7 47.b3 Rxa2 48.Rxb6 Bd4 49.Rb7+ Kg6
50.b4 Rb2 51.b5 h5 52.Rd7 Bxf2 53.Rd6+ Kf7 54.Bxf2 Rxb5  1/2-1/2

[Event "100th ch-GBR 2013"]
[Site "Torquay ENG"]
[Date "2013.08.02"]
[Round "5.47"]
[White "Howell,Ch"]
[Black "Thompson,Robert"]
[Result "0-1"]
[WhiteElo "2055"]
[BlackElo "1978"]

1.e4 g6 2.d4 Bg7 3.Nc3 d6 4.Nf3 Nd7 5.Be2 e6 6.h4 h6 7.g4 Ne7 8.Bf4 b6 9.g5 h5
10.Qd3 Bb7 11.O-O-O a6 12.Rhe1 O-O 13.Bf1 d5 14.exd5 Nxd5 15.Nxd5 Bxd5 16.c4 Bb7
17.Bh3 b5 18.b3 bxc4 19.bxc4 c5 20.Bd6 Re8 21.Ne5 cxd4 22.Nxg6 Qb6 23.Ne7+ Kh8
24.Qe2 Rxe7 25.Qxh5+ Kg8 26.Bxe7 d3 27.Rd2 Qa5 28.Bf6 Bxf6 29.gxf6  0-1

[Event "Arad Open 2013"]
[Site "Arad ROU"]
[Date "2013.08.03"]
[Round "1.8"]
[White "Andreescu,Darie-Ioan"]
[Black "Petenyi,T"]
[Result "0-1"]
[WhiteElo "1851"]
[BlackElo "2480"]

1.e4 g6 2.d4 Bg7 3.Nc3 d6 4.g3 Nf6 5.Bg2 O-O 6.Nge2 Nbd7 7.O-O c6 8.a4 Qc7
9.h3 e5 10.Be3 exd4 11.Nxd4 Re8 12.Nb3 Nb6 13.Qd3 Be6 14.f4 Bc4 15.Qd1 Bxf1
16.Qxf1 Nbd5 17.Nxd5 cxd5 18.e5 dxe5 19.fxe5 Ne4 20.Bxe4 Qxe5 21.Bd4 Qxe4
22.c3 Qe2 23.Qf2 Qxf2+ 24.Kxf2 Re4 25.Bxg7 Kxg7 26.Nd4 Rae8 27.Rd1 h5 28.Rd2 h4
29.g4 Rf4+ 30.Nf3 Rxa4 31.Nxh4 Ra2 32.Nf3 a5 33.Nd4 a4 34.Nb5 Re6 35.c4 dxc4
36.Nc3 Ra1 37.Rd4 Rb6  0-1

[Event "Sparkassen Open A 2013"]
[Site "Dortmund GER"]
[Date "2013.08.03"]
[Round "8.4"]
[White "Heinert,E"]
[Black "Heck,N"]
[Result "0-1"]
[WhiteElo "2129"]
[BlackElo "2280"]

1.d4 g6 2.e4 Bg7 3.Nc3 d6 4.Be3 a6 5.Qd2 b5 6.h4 h5 7.Nf3 Nd7 8.Ng5 Bb7 9.a4 b4
10.Bc4 e6 11.Ne2 Ngf6 12.Bxe6 fxe6 13.Nxe6 Qe7 14.Nxc7+ Kf7 15.Nxa8 Nxe4
16.Qxb4 Bxa8 17.Qc4+ d5 18.Qxa6 Qb4+ 19.c3 Qxb2 20.O-O Qb6 21.Qxb6 Nxb6 22.a5 Nc4
23.Bf4 Re8 24.Rfb1 Ned6 25.Ra2 Bf6 26.g3 Rc8 27.Nc1 Ne4 28.Rb3 Re8 29.Nd3 g5
30.hxg5 Bxg5 31.Bxg5 Nxg5 32.Kg2 h4 33.gxh4 Ne4 34.a6 Rg8+ 35.Kh3 Ncd2 36.Rb6 Nf3
37.Ne5+ Nxe5 38.dxe5 d4 39.cxd4 Nc3 40.Ra3 Ne2 41.Rf6+ Ke7 42.Rg3 Nxg3 43.fxg3 Rd8
44.Rd6 Rf8 45.h5 Rf1 46.h6 Be4 47.Kg4 Bd3 48.Rb6 Be4 49.Kg5 Rf5+ 50.Kg4 Rf1
51.Rb2 Kf7 52.Ra2 Kg6 53.Rh2 Bf5+ 54.Kh4 Rd1 55.g4 Rxd4 56.Rg2 Kxh6 57.Kh3 Be6
58.Rf2 Kg5 59.Rf8 Bxg4+ 60.Kg2 Ra4 61.Rf6 Ra3 62.Rf8 Rxa6 63.Rf2 Re6 64.Rb2 Rxe5
65.Rf2 Re3 66.Rb2 Bf5 67.Rf2 Kg4 68.Rb2 Be4+ 69.Kf2 Rh3 70.Rb8 Kf4 71.Rf8+ Bf5  0-1

[Event "Politiken Cup 2013"]
[Site "Helsingor DEN"]
[Date "2013.08.03"]
[Round "9.28"]
[White "Aabling Thomsen,J"]
[Black "Klings,P"]
[Result "1-0"]
[WhiteElo "2370"]
[BlackElo "2167"]

1.e4 g6 2.d4 Bg7 3.Nc3 d6 4.Be3 a6 5.Qd2 Nd7 6.h4 Ngf6 7.Bh6 Bxh6 8.Qxh6 c5
9.Nf3 cxd4 10.Nxd4 e5 11.Nb3 Nb6 12.O-O-O Be6 13.Nc5 Qe7 14.Nxe6 Qxe6 15.g3 Kd8
16.Bh3 Qe7 17.Rxd6+ Qxd6 18.Rd1 Qxd1+ 19.Kxd1 Ne8 20.Qe3 Nc4 21.Qc5 b5 22.Qd5+  1-0

[Event "Politiken Cup 2013"]
[Site "Helsingor DEN"]
[Date "2013.08.03"]
[Round "9.12"]
[White "Haubro,M"]
[Black "Danielsen,Hen"]
[Result "0-1"]
[WhiteElo "2201"]
[BlackElo "2510"]

1.e4 d6 2.d4 g6 3.Nc3 Bg7 4.Be3 c6 5.a4 Nf6 6.h3 O-O 7.g3 a5 8.Bg2 Na6 9.Nge2 Nb4
10.O-O e5 11.Qd2 Be6 12.f4 exf4 13.Nxf4 Bc4 14.Rfe1 Re8 15.Bf2 Qc7 16.b3 Ba6
17.Nd1 Bh6 18.Nb2 c5 19.d5 g5 20.c3 gxf4 21.cxb4 cxb4 22.Bd4 Qd8 23.Qf2 Nh5
24.g4 Ng3 25.Bb6 Qf6 26.Bd4 Qg5 27.Rad1 Rac8 28.Nd3 f6 29.Qb2 Kf7 30.Kh2 Re7
31.Nf2 Rec7 32.Rc1 Qh4 33.Rxc7+ Rxc7 34.Rc1 Re7 35.Re1 f3 36.Bxf3 Nf1+ 37.Rxf1 Bf4+
38.Kh1 Bxf1 39.Bg2 Qg3  0-1

[Event "5th Rethymno Open"]
[Site "Rethymno GRE"]
[Date "2013.08.03"]
[Round "8.18"]
[White "Spathopoulos,Diogenis"]
[Black "Tzouganakis,P"]
[Result "0-1"]
[WhiteElo "1990"]
[BlackElo "2201"]

1.e4 g6 2.d4 Bg7 3.Nc3 d6 4.f4 Nf6 5.Nf3 O-O 6.Be3 Nfd7 7.h4 e5 8.h5 exd4
9.Bxd4 Nf6 10.hxg6 hxg6 11.Qd2 Nc6 12.Be3 Re8 13.Ng5 d5 14.O-O-O Nxe4 15.Ncxe4 dxe4
16.Qf2 Qf6 17.c3 Be6 18.Bb5 Qf5 19.Bxc6 bxc6 20.Bd4 Rad8 21.Bxg7 Rxd1+ 22.Rxd1 Kxg7
23.g3 Bxa2 24.Qd4+ f6 25.Qd7+ Qxd7 26.Rxd7+ Kg8 27.Nh7 Re6 28.g4 e3 29.Kd1 Bc4
30.g5 fxg5 31.fxg5 Rd6+ 32.Rxd6 cxd6 33.Nf6+ Kf7 34.Ne4 Ke6  0-1

[Event "XXII TCh-MKD 2013"]
[Site "Struga MKD"]
[Date "2013.08.03"]
[Round "6.4"]
[White "Pancevski,F"]
[Black "Simjanovski,S"]
[Result "1-0"]
[WhiteElo "2506"]
[BlackElo "2239"]

1.e4 g6 2.d4 d6 3.Nc3 Bg7 4.Be3 c6 5.a4 Nf6 6.h3 Nbd7 7.g4 e5 8.Bg2 O-O 9.Nge2 d5
10.exd5 Nxd5 11.Nxd5 cxd5 12.dxe5 Nxe5 13.Qxd5 Qc7 14.Qc5 Nc6 15.Nd4 Bd7
16.O-O a6 17.Rad1 Rac8 18.Nxc6 Bxc6 19.Bxc6 bxc6 20.Bd4 Bxd4 21.Rxd4 Rfe8
22.Rfd1 Rf8 23.Rd6 Qb7 24.b3 Rc7 25.Rd8 Rxd8 26.Rxd8+ Kg7 27.g5  1-0

[Event "Arad Open 2013"]
[Site "Arad ROU"]
[Date "2013.08.04"]
[Round "3.6"]
[White "Dicu,R"]
[Black "Petenyi,T"]
[Result "0-1"]
[WhiteElo "2228"]
[BlackElo "2480"]

1.e4 g6 2.d4 Bg7 3.Nc3 d6 4.f4 Nd7 5.Nf3 c6 6.Bd3 e5 7.dxe5 dxe5 8.Be3 Ngf6
9.h3 exf4 10.Bxf4 O-O 11.Qd2 Nc5 12.O-O-O Be6 13.Qf2 Qa5 14.a3 Rad8 15.Be3 Nfd7
16.Bd4 Bxd4 17.Nxd4 Ne5 18.Nxe6 Nxe6 19.Be2 b5 20.Qf6 Nd7 21.Qe7 Rfe8 22.Qd6 Qb6
23.Bg4 Ndc5 24.Qg3 Nd4 25.e5 b4 26.Ne2  0-1

[Event "Sparkassen Open A 2013"]
[Site "Dortmund GER"]
[Date "2013.08.04"]
[Round "9.22"]
[White "Sherif,Amina"]
[Black "Zimmermann,Dir"]
[Result "1/2-1/2"]
[WhiteElo "1641"]
[BlackElo "2050"]

1.e4 g6 2.d4 Bg7 3.Nc3 d6 4.f4 c6 5.Be3 Nf6 6.Nf3 Bg4 7.Be2 Nbd7 8.O-O Qc7
9.Qd2 Nb6 10.h3 Bxf3 11.Rxf3 d5 12.e5 Ne4 13.Nxe4 dxe4 14.Rff1 f5 15.c4 e6  1/2-1/2

[Event "Politiken Cup 2013"]
[Site "Helsingor DEN"]
[Date "2013.08.04"]
[Round "10.10"]
[White "Bulski,K"]
[Black "Kristiansen,Jen"]
[Result "1-0"]
[WhiteElo "2534"]
[BlackElo "2396"]

1.e4 g6 2.d4 Bg7 3.Nc3 d6 4.f4 Nf6 5.Nf3 O-O 6.Bd3 Nc6 7.h3 Nb4 8.e5 Nxd3+
9.Qxd3 Nd7 10.Be3 c5 11.O-O-O cxd4 12.Bxd4 dxe5 13.Bxe5 Bh6 14.Kb1 Qa5 15.Rhe1 Nb6
16.Nd4 Qc5 17.Ndb5 Bf5 18.Qe2 a6 19.Nd4 Bd7 20.Nb3 Qc6 21.Bd4 Nc8 22.Na5 Qc7
23.Nd5 Qd6 24.Bc3 Bb5 25.Qf2 Qb8 26.Rxe7 f6 27.Rxb7  1-0

[Event "5th Rethymno Open"]
[Site "Rethymno GRE"]
[Date "2013.08.04"]
[Round "9.3"]
[White "Kharitonov,Alexandr"]
[Black "Tukhaev,A"]
[Result "1/2-1/2"]
[WhiteElo "2538"]
[BlackElo "2520"]

1.d4 g6 2.e4 Bg7 3.Nc3 d6 4.Nf3 a6 5.a4 Nc6 6.h3 e5 7.dxe5 Nxe5 8.Nxe5 Bxe5
9.Be3 Be6 10.Be2 Ne7 11.O-O Qd7 12.f4 Bxc3 13.bxc3 f5 14.Bf3 O-O 15.exf5 Nxf5
16.Bf2 Rab8 17.Qd2 a5 18.g4 Ng7 19.Kh2 Qf7 20.Be3 Bd7 21.Bd5 Be6 22.Bf3 Bd7
23.Bd5  1/2-1/2

[Event "17th Godesberg Open"]
[Site "Bonn GER"]
[Date "2013.08.05"]
[Round "3.7"]
[White "Spreemann,R"]
[Black "Rosskothen,A"]
[Result "1-0"]
[WhiteElo "2011"]
[BlackElo "2147"]

1.e4 g6 2.d4 Bg7 3.Nc3 d6 4.Be3 a6 5.Qd2 b5 6.Nf3 Nd7 7.a4 b4 8.Ne2 a5 9.Ng3 Bb7
10.h4 h5 11.Ng5 e6 12.Be2 Ngf6 13.f3 O-O 14.O-O Qe7 15.f4 d5 16.e5 Ne4 17.N3xe4 dxe4
18.g4 hxg4 19.Bxg4 c5 20.h5 cxd4 21.hxg6 dxe3 22.Qh2 Rfc8 23.gxf7+ Kf8 24.Qh5 Qxg5
25.Qxg5 Rxc2 26.Rac1 b3 27.Rxc2 bxc2 28.Rc1 e2 29.Bxe2 Rc8 30.Rxc2 Rxc2 31.Qd8+ Kxf7
32.Bh5+  1-0

[Event "Arad Open 2013"]
[Site "Arad ROU"]
[Date "2013.08.06"]
[Round "6.5"]
[White "Murariu,A"]
[Black "Rusan,P"]
[Result "1/2-1/2"]
[WhiteElo "2533"]
[BlackElo "2289"]

1.e4 g6 2.d4 Bg7 3.Nc3 d6 4.Nf3 a6 5.a4 b6 6.Bd3 c5 7.d5 Nf6 8.O-O O-O 9.h3 e6
10.Re1 e5 11.Bf1 Nbd7 12.g3 Ne8 13.Kh2 Rb8 14.Nd2 f5 15.exf5 gxf5 16.Nc4 Qf6
17.f4 Kh8 18.Be2 Bb7 19.Bh5 Nc7 20.fxe5 dxe5 21.d6 Ne6 22.Nd5 Bxd5 23.Qxd5 b5
24.axb5 axb5  1/2-1/2

[Event "FSGM August 2013"]
[Site "Budapest HUN"]
[Date "2013.08.06"]
[Round "4.5"]
[White "Bagi,M"]
[Black "Skytte,R"]
[Result "1/2-1/2"]
[WhiteElo "2367"]
[BlackElo "2431"]

1.e4 g6 2.d4 Bg7 3.Nc3 d6 4.Bg5 a6 5.a4 h6 6.Be3 Nf6 7.f3 c6 8.Qd2 Nbd7 9.Nh3 e5
10.Nf2 Qe7 11.Be2 h5 12.dxe5 dxe5 13.a5 Nc5 14.b4 Ne6 15.Na4 O-O 16.c3 Rd8
17.Qc1 Nf4 18.Bxf4 exf4 19.Qxf4 Be6 20.O-O Nd7 21.Qe3 Bb3 22.Bd1 Bc4 23.Re1 c5
24.bxc5 Rac8 25.Rc1 Bb5 26.Nb6 Nxb6 27.cxb6 Qa3 28.Be2 Bxe2 29.Rxe2 Rxc3
30.Rxc3 Qxc3 31.e5 Qxe3 32.Rxe3 Rd5 33.Ra3 Bxe5 34.g3 Bd6 35.Ra4 f5 36.Kf1 Bc5
37.Ke2 Re5+ 38.Kf1 Rd5 39.Ke2 Re5+ 40.Kf1  1/2-1/2

[Event "Arad Open 2013"]
[Site "Arad ROU"]
[Date "2013.08.07"]
[Round "7.6"]
[White "Baratosi,D"]
[Black "Bogdan,Dan"]
[Result "1/2-1/2"]
[WhiteElo "2402"]
[BlackElo "2365"]

1.e4 g6 2.d4 Bg7 3.Nc3 d6 4.Be3 Nf6 5.f3 c6 6.Qd2 b5 7.O-O-O Qa5 8.Kb1 Nbd7
9.Bh6 Bxh6 10.Qxh6 Nb6  1/2-1/2

[Event "HZ Open 2013"]
[Site "Vlissingen NED"]
[Date "2013.08.08"]
[Round "7.23"]
[White "Herbold,M"]
[Black "Verstraeten,R"]
[Result "0-1"]
[WhiteElo "2140"]
[BlackElo "2281"]

1.e4 g6 2.d4 Bg7 3.Nc3 d6 4.Be3 Nd7 5.Qd2 a6 6.O-O-O b5 7.f3 Bb7 8.g4 c5
9.dxc5 dxc5 10.Nxb5 axb5 11.Bxb5 Bc8 12.Bxc5 Rxa2 13.c3 Ra1+ 14.Kc2 Rxd1
15.Qxd1 Qc7 16.Bb4 Nf6 17.Ne2 Qe5 18.Bc6 O-O 19.h4 Nb8 20.Ba4 Na6 21.Ba3 Nxg4
22.Qg1 Nf6 23.Qg5 Qc7 24.h5 h6 25.Qh4 g5 26.Qg3 Qa5 27.Bb3 Nc5 28.Nd4 Nxb3
29.Kxb3 Bd7 30.e5 Nd5 31.Re1 Rb8+ 32.Ka2 Nxc3+ 33.Ka1 Nb5 34.e6 Ra8 35.exf7+ Kf8
36.Re5 Qc7  0-1

[Event "XI Miguel Najdorf Open A 2013"]
[Site "Warsaw POL"]
[Date "2013.08.08"]
[Round "4.12"]
[White "Iwanow,A"]
[Black "Choroszej,A"]
[Result "0-1"]
[WhiteElo "2230"]
[BlackElo "2147"]

1.e4 g6 2.d4 Bg7 3.Nc3 d6 4.f4 Nf6 5.Nf3 O-O 6.Bd3 Nc6 7.e5 dxe5 8.fxe5 Nh5
9.Be3 Bg4 10.Be2 f6 11.exf6 exf6 12.O-O f5 13.d5 Ne5 14.Nd4 Bxe2 15.Qxe2 Ng4
16.Bf2 Re8 17.Qc4 Qd6 18.Nf3 a6 19.Bc5 Qf4 20.Qb3 Kh8 21.Qxb7 Rab8 22.Qc6 Re3
23.Bxe3 Qxe3+ 24.Kh1 Bd4 25.Qxc7 Re8 26.d6 Bb6 27.Qc4 Qh6 28.Nh4 Qe3 29.Nf3 Qh6
30.Nh4 Qe3 31.Nd1 Qe5 32.Nf3 Qxh2+ 33.Nxh2 Ng3+  0-1

[Event "FSFMA1 August 2013"]
[Site "Budapest HUN"]
[Date "2013.08.09"]
[Round "6.1"]
[White "Juracsik,J"]
[Black "Farkas,R"]
[Result "1/2-1/2"]
[WhiteElo "2142"]
[BlackElo "2176"]

1.e4 d6 2.d4 g6 3.Nc3 Bg7 4.Be3 Nf6 5.h3 O-O 6.Nf3 c5 7.Be2 cxd4 8.Nxd4 Nc6
9.O-O Bd7 10.Qd2 Nxd4 11.Bxd4 Bc6 12.Bf3 Nd7 13.Bxg7 Kxg7 14.Qe3  1/2-1/2

[Event "FSGM August 2013"]
[Site "Budapest HUN"]
[Date "2013.08.10"]
[Round "7.2"]
[White "Idani,P"]
[Black "Skytte,R"]
[Result "1-0"]
[WhiteElo "2479"]
[BlackElo "2431"]

1.e4 g6 2.d4 Bg7 3.Nc3 d6 4.f4 a6 5.Nf3 Bg4 6.Be3 e6 7.h3 Bxf3 8.Qxf3 Ne7
9.O-O-O d5 10.Kb1 Nbc6 11.g4 Qd7 12.e5 f5 13.exf6 Bxf6 14.Ne2 Nc8 15.c3 Nd6
16.Nc1 Rf8 17.Bd3 Na5 18.Qe2 Nac4 19.Nb3 b6 20.f5 O-O-O 21.fxg6 hxg6 22.Bxg6 Nxe3
23.Qxe3 Nc4 24.Qe2 Bg5 25.h4 Be3 26.Rdf1 a5 27.Bd3 Qc6 28.Bxc4 dxc4 29.Qxe3 cxb3
30.axb3 Qd5 31.Re1 Rde8 32.c4 Qd6 33.Rhf1 Kb8 34.h5 a4 35.bxa4 Qb4 36.Qa3 Qd2
37.Qc3 Qg2 38.Rg1 Qh2 39.Qg3 Qd2 40.Qe3 Qb4 41.Qc3 Qxa4 42.Rgf1 Qc6 43.Qd3 Rxf1
44.Rxf1 Qg2 45.Qf3 Qd2 46.Rd1 Qg5 47.Re1 Qg7 48.Qe4 Rd8 49.d5 exd5 50.cxd5 Qg5
51.Rd1 Rd6 52.Rd3 Rf6 53.Rc3 Qg8  1-0

[Event "22nd ZMDI Open 2013"]
[Site "Dresden GER"]
[Date "2013.08.10"]
[Round "1.33"]
[White "Salewski,B"]
[Black "Rjabzev,K"]
[Result "1/2-1/2"]
[WhiteElo "2020"]
[BlackElo "2287"]

1.d4 d6 2.e4 g6 3.Nc3 Bg7 4.Bg5 c6 5.Qd2 Qa5 6.Nge2 b5 7.f3 Nd7 8.Nc1 b4
9.Nd1 Qb6 10.c3 bxc3 11.bxc3 h6 12.Be3 d5 13.Bd3 a5 14.Rb1 Qa7 15.O-O Ba6
16.Nb2 e6 17.Kh1 Ne7 18.Na4 h5 19.Bxa6 Qxa6 20.Qd3 Nc8 21.Qxa6 Rxa6 22.Nd3 Nd6
23.Nac5 Nxc5 24.Nxc5 Ra8 25.Bf4 Nc4 26.Rb7 O-O 27.Nd7 Rfc8 28.Bc7 a4 29.Rfb1 Bf8
30.e5 Na3 31.R1b6 Nc4 32.Rb1  1/2-1/2

[Event "10th Malaysian Open"]
[Site "Kuala Lumpur MAS"]
[Date "2013.08.10"]
[Round "1.30"]
[White "Wong,Yinn Long"]
[Black "Pitra,Andika"]
[Result "0-1"]
[WhiteElo "1816"]
[BlackElo "2309"]

1.e4 g6 2.d4 Bg7 3.Nc3 d6 4.Nf3 a6 5.a4 e6 6.Be3 Ne7 7.Bc4 Nd7 8.Qd2 h6 9.Bb3 b6
10.O-O Bb7 11.Ne1 Nf6 12.f3 d5 13.e5 Nd7 14.a5 c5 15.axb6 cxd4 16.Bxd4 Nf5
17.Ba4 O-O 18.Bxd7 Qxd7 19.Na4 Nxd4 20.Qxd4 Rac8 21.Nd3 Rc4 22.Nac5 Qc6 23.Qf2 Rc8
24.b4 Qxb6 25.Rfb1 d4 26.Kh1 Ra8 27.Rb2 Bc6 28.Qd2 Bb5 29.Ra3 Qc7 30.Qe1 Rd8
31.f4 Qc6 32.Qe4 Rd5 33.Qf3 Rc3 34.Rxc3 dxc3 35.Rb1 Bf8 36.Ne4 Kh8 37.Rb3 Bxd3
38.Nxc3 Bc4 39.Rb1 Qc7 40.Nxd5 Bxd5 41.Qe2 Qc3 42.Qd3 Bxb4 43.Qe2 Qd4 44.Qf1 a5
45.Ra1 Bc3 46.Rb1 Qd2 47.Rd1 Bxg2+  0-1

[Event "10th Malaysian Open"]
[Site "Kuala Lumpur MAS"]
[Date "2013.08.10"]
[Round "2.30"]
[White "Zhai Mo"]
[Black "Nouri,H"]
[Result "1-0"]
[WhiteElo "2319"]
[BlackElo "2374"]

1.e4 g6 2.d4 Bg7 3.Nc3 d6 4.Be3 c6 5.Qd2 Nd7 6.f3 b5 7.Bd3 Nb6 8.b3 Nf6 9.Nge2 b4
10.Nd1 c5 11.O-O O-O 12.Nf2 Qc7 13.c3 bxc3 14.Nxc3 cxd4 15.Bxd4 e5 16.Be3 Be6
17.Nb5 Qd7 18.Rac1 d5 19.Rc7 Qd8 20.Rxa7 Rxa7 21.Nxa7 dxe4 22.fxe4 Qb8 23.Nc6 Qc7
24.Rc1 Nc8 25.b4 Qb7 26.Qe2 Qa8 27.Ba6 Kh8 28.b5 Nh5 29.g3 f5 30.exf5 Rxf5
31.Nd8 Bd7 32.Rc7 Nf6 33.Bb7 Qa5 34.Nf7+ Kg8 35.Qc4 Kf8 36.Rxc8+ Bxc8 37.Bc5+ Ke8
38.Bc6+  1-0

[Event "21st Poznan Open"]
[Site "Poznan POL"]
[Date "2013.08.10"]
[Round "4.12"]
[White "Maksimenko,Andrei Jr"]
[Black "Czarnolewski,P"]
[Result "0-1"]
[WhiteElo "1939"]
[BlackElo "1722"]

1.e4 g6 2.d4 Bg7 3.Nc3 d6 4.Nf3 a6 5.h3 Nd7 6.Bc4 e6 7.Be3 b5 8.Bd3 c5 9.O-O Ne7
10.Qd2 Bb7 11.a3 cxd4 12.Nxd4 Nc5 13.f4 Nxd3 14.Qxd3 Qd7 15.f5 gxf5 16.exf5 Bxd4
17.Bxd4 Rg8 18.Ne4 O-O-O 19.f6 Nf5 20.Rae1 Qc6 21.Rf2 Rg6 22.Qc3 Qxc3 23.Bxc3 Rdg8
24.Kh2 Bxe4 25.Rxe4 d5 26.Ref4 Nd6 27.Be5 Nc4 28.Bd4 e5 29.Bxe5 Nxe5 30.Rh4 Rxg2+
31.Rxg2 Nf3+ 32.Kh1 Rxg2 33.Kxg2 Nxh4+ 34.Kg3 Ng6 35.Kg4 Kd7 36.Kf5 Kd6 37.c3 Nf8
38.h4 Nd7 39.h5 h6  0-1

[Event "Razuvaev Memorial"]
[Site "Rockville USA"]
[Date "2013.08.10"]
[Round "3.4"]
[White "Sedina,E"]
[Black "Gulko,B"]
[Result "0-1"]
[WhiteElo "2311"]
[BlackElo "2533"]

1.e4 g6 2.d4 Bg7 3.Nc3 d6 4.f4 Nf6 5.Nf3 O-O 6.a3 Na6 7.e5 Nd7 8.Be3 c5 9.Bxa6 cxd4
10.Bxd4 dxe5 11.fxe5 bxa6 12.Qe2 Nb6 13.O-O-O Qc7 14.h4 h5 15.Kb1 Rb8 16.Ka1 Rd8
17.Ne4 Bf5 18.Rhe1 Nc4 19.Nc5 Nxa3 20.bxa3 Rxd4 21.Rxd4 Qxc5 22.Rb4 Qc3+
23.Kb1 Rxb4+ 24.axb4 Qxb4+ 25.Kc1 Bh6+ 26.Nd2 Qc3  0-1

[Event "XXIV Jozefa Kochana Mem"]
[Site "Koszalin POL"]
[Date "2013.08.11"]
[Round "3.22"]
[White "Smolenski,Filip"]
[Black "Popiolek,Henryk"]
[Result "1-0"]
[WhiteElo "1555"]
[BlackElo "1332"]

1.e4 d6 2.d4 g6 3.Nc3 Bg7 4.f4 Nf6 5.Nf3 O-O 6.Bd3 Nbd7 7.O-O c5 8.d5 a6
9.Qe1 Ne8 10.Kh1 b5 11.Rg1 c4 12.Be2 f5 13.exf5 Rxf5 14.g4 Rf7 15.Ng5 Bb7
16.Nxf7 Kxf7 17.Bf3 Nc7 18.Ne4 h6 19.f5 g5 20.Ng3 Ne5 21.Bg2 Nxg4 22.Rf1 Nxd5
23.Qe6+ Kf8 24.Bxd5 Bxd5+ 25.Qxd5 Ra7 26.Qf3 Nf6 27.Be3 Rd7 28.Bd4 d5 29.c3 Qc7
30.Rae1 a5 31.Nh5 g4 32.Nxg7 Kxg7 33.Bxf6+ Kxf6 34.Qxg4  1-0

[Event "21st Poznan Open"]
[Site "Poznan POL"]
[Date "2013.08.11"]
[Round "5.15"]
[White "Hoffmann,Piotr"]
[Black "Zajecki,M"]
[Result "0-1"]
[WhiteElo "1723"]
[BlackElo "2015"]

1.Nc3 g6 2.d4 Bg7 3.e4 d6 4.Nf3 Nf6 5.Be2 O-O 6.O-O c5 7.d5 a6 8.a4 Ne8 9.Bf4 e5
10.dxe6 fxe6 11.Bg3 Bxc3 12.bxc3 Nc6 13.Qd2 e5 14.Qd5+ Kh8 15.Nxe5 dxe5 16.Qxc5 Qd6
17.Qe3 Be6 18.f4 Ng7 19.Rad1 Qe7 20.fxe5 Kg8 21.Bf4 Qc7 22.Rd6 Na5 23.Bh6 Rxf1+
24.Bxf1 Bc4 25.Bd3 Ne6 26.Qh3 Re8 27.Be3 Bxd3 28.Rxe6 Rf8 29.Rf6 Rxf6 30.exf6 Bc4
31.Qh6 Qf7 32.e5 Nc6 33.Bd4 Nd8 34.Qe3 Qd7 35.h3 Ne6 36.Qf3 Bd5 37.f7+ Kf8
38.Qf2 Qxf7 39.Bc5+ Nxc5 40.Qxc5+ Kg7 41.Qd4 Qe6 42.Kh2 Bc6 43.a5 Kf8 44.c4 Ke8
45.c3 Qd7 46.Qa7 Qd2  0-1